| 000 | 00650nam a22001937a 4500 | ||
|---|---|---|---|
| 005 | 20180503103303.0 | ||
| 010 | _aENG-122744 | ||
| 020 |
_a9789385289194 _c1095.00 |
||
| 035 | _aEN-106276 | ||
| 037 | _bDBAD/PUB | ||
| 082 | _a921 | ||
| 100 | _aSingh, M.K. | ||
| 245 |
_aSardar Vallabhbhai Patel / _cby M.K. Singh |
||
| 260 |
_aNew Delhi _bSolar Books _c2017 |
||
| 270 |
_a4239A/1, Veer Sadan, Ansari Road (Behind Delhi Hospital), Darya Ganj, _bNew Delhi _e110002 _k011-43505201/02/03 _msales.solarbook@gmail.com |
||
| 300 |
_avii, 276p. _c23cm (Hb) |
||
| 500 | _aIt include bibliography and index | ||
| 942 |
_2ddc _cEN _mSIN _h921 |
||
| 999 |
_c151809 _d151809 |
||